| 000 | 01182nam a22002777i 4500 | ||
|---|---|---|---|
| 999 |
_c23320 _d23320 |
||
| 003 | AR-CdUCM | ||
| 008 | 250717b20242024 pe||||| |||| 00| 0 spa d | ||
| 020 | _a978-612-48815-3-4 | ||
| 040 |
_aMUNICIPALIDAD PROVINCIAL DEL CUSCO _cBIBLIOTECA MUNICIPAL DEL CUSCO |
||
| 041 | _hspa | ||
| 082 |
_a372.11 / O41 _bO41 |
||
| 100 |
_aOlarte Sotomayor, Midwar _950228 |
||
| 245 | _aAfectación Psicológica como Componente de un Delito / | ||
| 260 |
_aLima : _bCEMAR-DD Investigación Científica S.R.L. _c2024 |
||
| 300 |
_a199 páginas. : _c21x15 cm. |
||
| 500 | _zpáginas 154-169 | ||
| 505 | _aDiagnostico de la problemática en la sociedad actual -- Marco normativo de la afectación psicológica -- La violencia como evento traumático -- Consecuencias psicológicas de la violencia -- Trastornos mentales y violencia | ||
| 650 |
_aAfectación psicológica _951238 |
||
| 650 |
_aDaño Psicológico _951239 |
||
| 650 |
_aExperiencias traumáticas _951240 |
||
| 650 |
_aViolencia _951241 |
||
| 650 |
_aConsecuencias Psicológicas _951242 |
||
| 700 |
_aAlatrista Muñiz, German Ramiro - Córdova Huamaní, Máximo _951243 |
||
| 942 |
_2ddc _cLIBROS |
||
| 945 |
_apbjr _d17-07-2025 |
||